Propuesta de una estructura organizacional para el aula virtual en el Instituto Tecnológico de Costa Rica /
Gardado en:
| Autor Principal: | |
|---|---|
| Formato: | Libro |
| Idioma: | Spanish |
| Publicado: |
San José, Costa Rica :
L.Castillo S.,
2001
|
| Materias: | |
| Etiquetas: |
Engadir etiqueta
Sen Etiquetas, Sexa o primeiro en etiquetar este rexistro!
|
MARC
| LEADER | 00000nam a2200000Ia 4500 | ||
|---|---|---|---|
| 008 | 180904b2001 cr ||||| |||| 00| | spa d | ||
| 999 | |c 2047 |d 2047 | ||
| 090 | |a 12.04.01 |b 326 | ||
| 100 | |a Castillo Santamaría, Luis Alberto |9 4176 | ||
| 245 | 1 | 0 | |a Propuesta de una estructura organizacional para el aula virtual en el Instituto Tecnológico de Costa Rica / |c Luis Alberto Castillo Santamaría |
| 260 | |a San José, Costa Rica : |b L.Castillo S., |c 2001 | ||
| 300 | |a 200 páginas | ||
| 500 | |a (Material perdido) | ||
| 610 | 4 | |a INSTITUTO TECNOLÓGICO DE COSTA RICA |9 582 | |
| 650 | 1 | 4 | |a ADMINISTRACIÓN ESCOLAR |9 305 |
| 650 | 1 | 4 | |a EDUCACIÓN SUPERIOR |9 8 |
| 942 | |i 00452 |h 12.04.01 326 |2 z |c 01 | ||
